| 000 | 00722cas a22001815a 4500 | ||
|---|---|---|---|
| 001 | L130963 | ||
| 008 | 050920c1935 gw ar p 0 a0eng u | ||
| 035 | _a(Sirsi) u130963 | ||
| 041 | 0 |
_aeng _ager |
|
| 245 | 0 | 0 |
_aImago Mundi _ba Periodical Review of Early Cartography |
| 260 |
_aBerlin _bs.n. _c1935- |
||
| 362 | _a(1) 1935-(25) 1971 | ||
| 520 | _aFirst issue is published in Berlin and is in German. Subsequent issues are in English, with various places of publication including London (issues 2 and 3), Stockholm (issues 4-7) and Leiden (issues 8-). | ||
| 554 | _aOne per year | ||
| 651 | 4 | _aInternational | |
| 690 | _aENVIRONMENTAL AND LAND CONSULTANCY-GEOMATICS-MAPPING AND POSITIONING-CARTOGRAPHY | ||
| 942 | _n0 | ||
| 999 |
_c118820 _d118820 |
||